Представление документа в формате RUSMARC

ПолеНазваниеЗначение
  Тип записи a
  Библиографический уровень c
001 Контрольный номер RU/IS/BASE/533301037
005 Дата корректировки 20251003164056.5
010 Индекс ISBN __
a ISBN 978-5-91356-335-4 (в пер.)
d Цена 150-00
100 Данные общей обработки __
a Данные общей обработки 19161124d2016||||||| 0rusy0189 ca
101 Язык документа 1_
a Язык текста rus
102 Страна публикации __
a Страна публикации ru|
105 Кодированные данные (монография) __
a Кодированные данные (монография) ||||||||000zy
200 Заглавие и сведения об ответственности 1_
a Заглавие Песни
e Сведения, относящиеся к заглавию [песни, приметы, поговорки : 12+]
f Первые сведения об ответственности Мария Вагатова ; [предисловие Е. Айпина]
b Общее обозначение материала Текст
210 Выходные данные __
a Место издания Екатеринбург
c Издательство Баско
d Дата издания 2016
215 Физическое описание __
a Объем 108, [3] с.
c Иллюстрации/тип воспроизводства ил.
d Формат 20 см
225 Серия __
a Серия Хантыйский калейдоскоп
v Обозначение тома кн. 4
300 Общие примечания __
a Общие примечания 100 экз.
327 Примечание о содержании __
a Примечание о содержании Если сердце мое поет
327 Примечание о содержании __
a Примечание о содержании И горда я, и красива
327 Примечание о содержании __
a Примечание о содержании Песня бабушки
327 Примечание о содержании __
a Примечание о содержании Доченька, доченька
327 Примечание о содержании __
a Примечание о содержании Милый, Петар, мой муж!
327 Примечание о содержании __
a Примечание о содержании Святая женщина - огонь
327 Примечание о содержании __
a Примечание о содержании Моя вода реки Мосум
327 Примечание о содержании __
a Примечание о содержании Моя березонька
330 Аннотация __
a Аннотация Сборник песен, пословиц , поговорок, примет хантыйской поэтессы Марии Вагатовой.
333 Примечание о целевом назначении __
a Примечание о целевом назначении 12+. Для детей старше 12 лет
517 Другие варианты заглавия __
a Другие варианты заглавия Если сердце мое поет
517 Другие варианты заглавия __
a Другие варианты заглавия И горда я, и красива
517 Другие варианты заглавия __
a Другие варианты заглавия Песня бабушки
517 Другие варианты заглавия __
a Другие варианты заглавия Доченька, доченька
517 Другие варианты заглавия __
a Другие варианты заглавия Милый, Петар, мой муж!
517 Другие варианты заглавия __
a Другие варианты заглавия Святая женщина - огонь
517 Другие варианты заглавия __
a Другие варианты заглавия Моя вода реки Мосум
517 Другие варианты заглавия __
a Другие варианты заглавия Моя березонька
606 Тематические рубрики __
a Основная рубрика Художественная литература
606 Тематические рубрики __
a Основная рубрика Литература народов России (произведения)
y Географическая подрубрика Россия
y Географическая подрубрика Тюменская область
y Географическая подрубрика Ханты-Мансийск
y Географическая подрубрика Ханты-Мансийский автономный округ - Югра
y Географическая подрубрика ХМАО-Югра
610 Ключевые слова __
a Ключевые слова краеведение
a Ключевые слова краеведческая литература
a Ключевые слова народные приметы
a Ключевые слова песни
a Ключевые слова поговорки
a Ключевые слова пословицы
a Ключевые слова приметы
a Ключевые слова стихи
a Ключевые слова стихотворения
a Ключевые слова тема природы
a Ключевые слова тема Севера
a Ключевые слова тема ханты
a Ключевые слова хантыйская литература
a Ключевые слова хантыйские песни
a Ключевые слова хантыйские поговорки
a Ключевые слова хантыйские пословицы
a Ключевые слова хантыйские сказки
a Ключевые слова хантыйский фольклор
a Ключевые слова югорская литература
686 Индексы других классификаций __
2 Код системы rubbks
a Классификационный индекс К84(2=665.1)6-5; стК84(2Рос=Хат)-5
700 Автор _1
a Фамилия Вагатова
b Имя М. К.
c Титул (звания) Волдина, М. К.
g Полное личное имя Мария Кузьминична
4 Код отношения 070
702 Вторичная интеллектуальная ответственность _1
a Фамилия Айпин
b Имя Е.
4 Код отношения Автор предисловия и т.д.
4 Код отношения 080
801 Источник записи _0
a Страна ru
b Организация Муниципальное бюджетное учреждение культуры "Централизованная библиотечная система" г. Сургут (Центральная городская библиотека им. А. С. Пушкина)
c Дата составления 20161124
g Правила каталогизации КиК/Апакова
801 Источник записи _1
a Страна ru
b Организация Муниципальное бюджетное учреждение культуры "Централизованная библиотечная система" г. Сургут (Центральная городская библиотека им. А. С. Пушкина)
c Дата составления 20161124
g Правила каталогизации КиК/Апакова
852 Данные о местонахождении __
j Шифр хранения К84(2=665.1)6-5
i Авторский знак В 12
901 Тип документа 1_
t Тип документа x
903 Характеристики (МАРС) __
a Дата передачи 20161124
969 Тип издания __
a Тип издания сборник
990 Данные о заказе (DOS) __
j Количество экземпляров (DOS) 3
t N записи в КСУ для И/У (DOS) 201611